000 00884nam a2200241 i 4500
001 63586
003 ES-MaACL
005 20230906164922.0
007 t|
008 031212s1976 sp e ||||1| spa d
020 _z84-271-0987-3
080 _a930.9"18/19"(03)
245 0 3 _aLa historia de 1871 a 1971 :
_blas ideas, los problemas.
_nII,
_pLos hechos /
_c[bajo la dirección de Marc Ferro ; versión por Javier Arzalluz].
260 _aBilbao :
_bMensajero,
_c1976.
300 _a1 v. (648 p.) ;
_c23 cm.
490 1 _aDiccionarios del saber moderno. Las ideas / la obras / los hombres
650 4 _aHistoria contemporánea-
_vEnciclopedias.
_9172919
700 1 _aFerro, Marc.
_950595
700 1 _aArzalluz, Xabier.
_9138694
830 1 _aDiccionarios del saber moderno. Las ideas / la obras / los hombres
_9230677
852 _aES-MaACL
_jL-3629
999 _c63586
_d63586